Recuperación (Record no. 190084)

MARC details
000 -LEADER
campo de control de longitud fija 00975nam a2200265 i 4500
001 - NÚMERO DE CONTROL
campo de control 190084
003 - IDENTIFICADOR DE NÚMERO DE CONTROL
campo de control ES-MaACL
005 - FECHA Y HORA DE LA ÚLTIMA TRANSACCIÓN
campo de control 20240105181040.0
008 - DATOS DE LONGITUD FIJA--INFORMACIÓN GENERAL
campo de control de longitud fija 200312s2017 sp |||| | spa d
020 ## - NÚMERO INTERNACIONAL ESTÁNDAR DEL LIBRO
Número Internacional Estándar del Libro 978-84-88909-56-5
080 ## - NÚMERO DE LA CLASIFICACIÓN DECIMAL UNIVERSAL
Número de la Clasificación Decimal Universal 364-786-056.34
245 00 - MENCIÓN DEL TÍTULO
Título Recuperación
Resto del título : recovery, nuevos paradigmas de salud mental /
Mención de responsabilidad, etc. Antonio Maone y Barbara D'Avanzo, compiladores ; [traducción, Mª Carmen Ferrer Dufol].
250 ## - MENCION DE EDICION
Mención de edición 1ª ed. castellana.
260 ## - PUBLICACIÓN, DISTRIBUCIÓN, ETC.
Lugar de publicación, distribución, etc. Madrid :
Nombre del editor, distribuidor, etc. Psimática,
Fecha de publicación, distribución, etc. 2017.
300 ## - DESCRIPCIÓN FÍSICA
Extensión 369 p. ;
Dimensiones 21 cm.
490 1# - MENCIÓN DE SERIE
Mención de serie Rehabilitación psicosocial
504 ## - NOTA DE BIBLIOGRAFÍA, ETC.
Nota de bibliografía, etc. Bibliografía: p. [317]-369.
650 ## - PUNTO DE ACCESO ADICIONAL DE MATERIA--TÉRMINO DE MATERIA
Término de materia o nombre geográfico como elemento de entrada Enfermos mentales-
Subdivisión general Rehabilitación.
9 (RLIN) 169996
700 1# - ENTRADA AGREGADA--NOMBRE PERSONAL
Nombre de persona Maone, Antonio.
9 (RLIN) 169997
700 1# - ENTRADA AGREGADA--NOMBRE PERSONAL
Nombre de persona D'Avanzo, Barbara.
9 (RLIN) 169998
830 0# - PUNTO DE ACCESO ADICIONAL DE SERIE-TÍTULO UNIFORME
Título uniforme Rehabilitación psicosocial
9 (RLIN) 225877
852 ## - LOCALIZACIÓN
Ubicación ES-MaACL
Número de control de estantería A-14580
itemnumber 197235
Sublocalización o colección R.151885
Ubicación en estantería Depósito 1
Signatura antigua Olim: N-7580
Donativo/Legado Donación: Editorial
942 ## - ELEMENTOS DE ENTRADA SECUNDARIOS (KOHA)
Fuente del sistema de clasificación o colocación Clasificación decimal universal
Tipo de ítem Koha Libro impreso
Holdings
Estatus retirado Estado de pérdida Fuente del sistema de clasificación o colocación Estado de daño No para préstamo Biblioteca de origen Biblioteca actual Ubicación en estantería Fecha de adquisición Fuente de adquisición Total de préstamos Signatura topográfica completa Código de barras Visto por última vez Precio de reemplazo Tipo de ítem Koha
    Clasificación decimal universal     Biblioteca del Ateneo de Madrid Biblioteca del Ateneo de Madrid Depósito 1 31/05/2005 Donación   A-14580 1201742 23/02/2023 23/02/2023 Libro impreso